00885nam a2200181Ia 4500003000900000008004100009020001800050040001600068080002200084111013600106245028700242260004200529300002300571650001400594650004100608650002600649700002800675IN-BaIIA211028s9999 xx 000 0 eng d a90-277-1181-X cIIA Library a52(082.1)bASS-83 aJoint Session of Commissions 16, 40, and 44, on Strategies for the Search for Life in the UniversecMontral,Canadad1979 Aug. 15-16 0aStrategies for the search for life in the universebproceedings of a joint session of comMissions 16, 40, and 44, on strategies for the search for life in the universe, held in Montreal, Canada, 15 and 16 August, 1979cedited by M. D. Papagiannis  aDordrechtbD. Reidel Publishingc1980 a[various pagings.] aAstronomy aAstronomy and Astrophysics thesaurus aExtraterrestrial life aPapagiannis, M. D., ed.